Campeões da CONMEBOL Libertadores - Statistics

Estatísticas Gerais
  • Esse quiz foi jogado 80 vezes
  • A pontuação média é 56 de 60
Estatísticas das Respostas
Ano Cidade, País Clube % Correto
1983 Porto Alegre, Brasil Grêmio
100%
1995 Porto Alegre, Brasil Grêmio
100%
2017 Porto Alegre, Brasil Grêmio
100%
2013 Belo Horizonte, Brasil Atlético Mineiro
98%
1976 Belo Horizonte, Brasil Cruzeiro
98%
1997 Belo Horizonte, Brasil Cruzeiro
98%
1981 Rio de Janeiro, Brasil Flamengo
98%
2019 Rio de Janeiro, Brasil Flamengo
98%
2006 Porto Alegre, Brasil Internacional
98%
2010 Porto Alegre, Brasil Internacional
98%
1999 São Paulo, Brasil Palmeiras
98%
1992 São Paulo, Brasil São Paulo
98%
1993 São Paulo, Brasil São Paulo
98%
2005 São Paulo, Brasil São Paulo
98%
1977 Buenos Aires, Argentina Boca Juniors
97%
1978 Buenos Aires, Argentina Boca Juniors
97%
2000 Buenos Aires, Argentina Boca Juniors
97%
2001 Buenos Aires, Argentina Boca Juniors
97%
2003 Buenos Aires, Argentina Boca Juniors
97%
2007 Buenos Aires, Argentina Boca Juniors
97%
2012 São Paulo, Brasil Corinthians
97%
1962 Santos, Brasil Santos
97%
1963 Santos, Brasil Santos
97%
2011 Santos, Brasil Santos
97%
1986 Buenos Aires, Argentina River Plate
95%
1996 Buenos Aires, Argentina River Plate
95%
2015 Buenos Aires, Argentina River Plate
95%
2018 Buenos Aires, Argentina River Plate
95%
1998 Rio de Janeiro, Brasil Vasco da Gama
95%
1968 La Plata, Argentina Estudiantes
94%
1969 La Plata, Argentina Estudiantes
94%
1970 La Plata, Argentina Estudiantes
94%
2009 La Plata, Argentina Estudiantes
94%
1960 Montevidéu, Uruguai Peñarol
94%
1961 Montevidéu, Uruguai Peñarol
94%
1966 Montevidéu, Uruguai Peñarol
94%
1982 Montevidéu, Uruguai Peñarol
94%
1987 Montevidéu, Uruguai Peñarol
94%
1964 Avellaneda, Argentina Independiente
92%
1965 Avellaneda, Argentina Independiente
92%
1972 Avellaneda, Argentina Independiente
92%
1973 Avellaneda, Argentina Independiente
92%
1974 Avellaneda, Argentina Independiente
92%
1975 Avellaneda, Argentina Independiente
92%
1984 Avellaneda, Argentina Independiente
92%
1989 Medellín, Colômbia Atlético Nacional
91%
2016 Medellín, Colômbia Atlético Nacional
91%
2008 Quito, Equador LDU
91%
1971 Montevidéu, Uruguai Nacional
91%
1980 Montevidéu, Uruguai Nacional
91%
1988 Montevidéu, Uruguai Nacional
91%
2014 Buenos Aires, Argentina San Lorenzo
86%
1979 Assunção, Paraguai Olimpia
85%
1990 Assunção, Paraguai Olimpia
85%
2002 Assunção, Paraguai Olimpia
85%
1967 Avellaneda, Argentina Racing
85%
1991 Santiago, Chile Colo-Colo
80%
2004 Manizales, Colômbia Once Caldas
71%
1994 Buenos Aires, Argentina Vélez Sarsfield
63%
1985 Buenos Aires, Argentina Argentinos Juniors
62%
Nenhum quiz correspondente encontrado
Distribuição das Pontuações
Porcentagem de Pessoas com Cada Pontuação
Percentil de Números Respondidos
Sua Pontuação Histórica
Você não jogou esse quiz